Guia de rutes literàries per la Xarxa de Parcs Naturals / [Coordinació: Àrea d'Espais Naturals, Direcció de Comunicació] Àrea d'Espais Naturals, Direcció de Comunicació]
Descripción Física:
127 p. : fot. col. ; 22 cm
MARC
| LEADER | 00000nam a2200000Ia 4500 | ||
|---|---|---|---|
| 001 | 19466 | ||
| 008 | 160829s2007 xx 000 0 cat d | ||
| 080 | |a C-3-9 | ||
| 110 | |a Barcelona (Catalunya : Província). |b Àrea d'Espais Naturals |9 9050 | ||
| 245 | |a Guia de rutes literàries per la Xarxa de Parcs Naturals / [Coordinació: |b Àrea d'Espais Naturals, Direcció de Comunicació] | ||
| 260 | |a Barcelona : |b Diputació de Barcelona, |c 2007 | ||
| 300 | |a 127 p. : |b fot. col. ; |c 22 cm | ||
| 590 | |a Inclou lectures recomanades d'autors, obres o llegendes relacionades amb cada ruta. | ||
| 650 | 0 | |a Parcs Naturals |z Barcelona (Catalunya : Província) |v Guies |9 50316 | |
| 710 | |a Barcelona (Catalunya : Província). |b Direcció de Comunicació |e entitat coordinadora |9 53855 | ||
| 901 | |a Arxiu | ||
| 942 | |n 1 |2 udc | ||
| 952 | |0 0 |1 0 |4 0 |6 C39 |7 1 |9 44369 |a Arxiu |b Arxiu |d 2016-12-01 |l 0 |o C-3-9 |p 19466 |r 2016-12-01 00:00:00 |w 2016-12-01 |y ARXIU | ||
| 999 | |c 46950 |d 46950 | ||